Statistics for MLB Home Runs by U.S. State - with a Map (Top 3 Sluggers per State)

Click here to take the quiz!

General Stats

  • This quiz has been taken 82 times
  • The average score is 13 of 51

Answers on the Map

Answers color-coded by a green-red scale on the quiz's map according to % correct below.
 

Answer Stats

Players (HRs)Total HRsBirth State% Correct
Barry Bonds (762); Mark McGwire (583); Ted Williams (521)1866California
91%
Hank Aaron (755); Willie Mays (660); Willie McCovey (521)1936Alabama
77%
Babe Ruth (714); Jimmie Foxx (534); Cal Ripken, Jr. (431)1679Maryland
70%
Gary Sheffield (509); Fred McGriff (493); Chipper Jones (468)1470Florida
55%
Alex Rodriguez (696); Lou Gehrig (493); Carl Yastrzemski (452)1641New York
53%
Josh Phelps (64); Randy Kutcher (10); Aaron Cunningham (7)81Alaska
45%
Mike Trout (368) ; Eric Karros (284); Derek Jeter (260)912New Jersey
42%
Mickey Mantle (536); Willie Stargell (475); Joe Carter (396)1407Oklahoma
42%
Ken Griffey, Jr. (630); Reggie Jackson (563); Stan Musial (475)1668Pennsylvania
42%
Bryce Harper (306); Joey Gallo (198); Kris Bryant (182)686Nevada
40%
Frank Robinson (586); Ernie Banks (512); Eddie Mathews (512)1610Texas
40%
Kurt Suzuki (143); Shane Victorino (108); Mike Lum (90)341Hawaii
38%
Mike Schmidt (548); Frank Howard (382); David Justice (305)1235Ohio
32%
Frank Thomas (521); Johnny Mize (359); Moises Alou (332)1212Georgia
28%
Jim Thome (612); Gary Gaetti (360); Curtis Granderson (344)1316Illinois
28%
Dave Winfield (465); Kent Hrbek (293); Roger Maris (275)1033Minnesota
26%
Ryan Howard (382); Yogi Berra (358); Roy Sievers (318)1058Missouri
23%
Jim Rice (382); Reggie Sanders (305); Larry Doby (273)960South Carolina
23%
Mo Vaughn (328); George Springer (242); Dick McAuliffe (197)767Connecticut
19%
Gil Hodges (370); Scott Rolen (316); Chuck Klein (300)986Indiana
19%
Del Bissonette (66); George Gore (46); Ryan Flaherty (37)149Maine
19%
Jeff Bagwell (449); Richie Hebner (203); Seve Balboni (181)833Massachusetts
19%
Kirk Gibson (255); John Mayberry (255); Ted Simmons (248)758Michigan
19%
Ellis Burks (352); Dave Parker (339); George Scott (271)962Mississippi
19%
Carlton Fisk (376); Pat Putnam (63); Birdie Tebbetts (38)477Vermont
19%
John Buck (134); Mike Devereaux (105); Brandon Nimmo (87)326Wyoming
19%
Ron Santo (342); Ron Cey (316); Ryne Sandberg (282)940Washington
17%
John Lowenstein (116); Ed Bouchee (61); Dave McNally (9)186Montana
15%
Ralph Kiner (369); Vern Stephens (247); Alex Bregman (165)781New Mexico
15%
Travis Hefner (213); Darin Erstad (124); Ken Hunt (33)370North Dakota
15%
Paul Konerko (439); Gabby Hartnett (236); Davey Lopes (155)830Rhode Island
15%
Willie Horton (325); Justin Upton (325); David Wright (242)892Virginia
15%
Ian Kinsler (257); J.J. Hardy (188); Kole Calhoun (179)624Arizona
13%
Chase Headley (130); Johnny Frederick (85); Johnny Lindell (72)287Colorado
13%
Hal Trosky (228); Casey Blake (167); Ken Henderson (122)517Iowa
13%
Tony Clark (251); Johnny Damon (235); Bob Horner (218)704Kansas
13%
Mel Ott (511); Albert Belle (381); Joe Adcock (336)1228Louisiana
13%
Alex Gordon (190); Wade Boggs (118); Jackie Brandt (112)420Nebraska
13%
Phil Plantier (91); Red Rolfe (69); Bernie Friberg (38)198New Hampshire
13%
Ryan Zimmerman (284); Kyle Seager (242); Brandon Phillips (211)737North Carolina
13%
Todd Helton (369); Steve Finley (304); Vada Pinson (256)929Tennessee
13%
Duke Sims (100); Chris Shelton (37); Chad Mermansen (13)150Utah
13%
Paul Goldschmidt (340); Randy Bush; John Mabry; Dave May (tied at 96)532Delaware
11%
Don Money (176); Justin Bour (92); Milt Thompson (47)315District of Columbia
11%
Harmon Killebrew (573); Vance Law (71); Bill Salkeid (31)675Idaho
11%
Jay Buhner (310); Mark Reynolds (298); Dan Uggla (235)843Kentucky
11%
Jason Kubel (140); Mark Ellis (105); Dave Collins (32)277South Dakota
11%
Torii Hunter (353); Pat Burrell (292); Brooks Robinson (268)913Arkansas
9%
George Brett (317); Toby Harrah (195); Andy Seminick (164)676West Virginia
9%
Al Simmons (307); Andy Pafko (213); Ken Keltner (163)683Wisconsin
9%
Dave Kingman (442); Dale Murphy (398); Richie Sexson (306)1146Oregon
8%

Score Distribution

Percentile by Number Answered

Percent of People with Each Score

Your Score History

You have not taken this quiz